AFL Key Forwards of the 2000s - Statistics

General Stats
  • This quiz has been taken 56 times
  • The average score is 16 of 24
Answer Stats
Picture Answer % Correct
Brendan Fevola
95%
Lance Franklin
95%
Barry Hall
93%
Jonathan Brown
93%
Nick Riewoldt
93%
Jarryd Roughead
91%
Matthew Lloyd
86%
Matthew Pavlich
86%
Matthew Richardson
86%
Cameron Mooney
77%
Fraser Gehrig
75%
Brad Johnson
70%
Alastair Lynch
68%
Quinten Lynch
68%
David Neitz
61%
Anthony Rocca
59%
Saverio Rocca
59%
Daniel Bradshaw
55%
Warren Tredrea
55%
Michael O'Loughlin
50%
Chris Tarrant
45%
Scott Lucas
43%
Nathan Thompson
20%
Kent Kingsley
14%
No matching quizzes found
Score Distribution
Percent of People with Each Score
Percentile by Number Answered
Your Score History
You have not taken this quiz